000
00344nam a2200145Ia 4500
008
150201s2002 xx 000 0 und d
082
_a
610
_b
M2002M
100
_a
S.J. MAHARAJ
245
_a
MIND THE MIDDLEMEN
250
_a
1ST
260
_b
MANAV UTHAN SANGTHAN
_a
DELHI
_c
2002
300
_a
1-280
650
_a
GENERAL BOOKS
942
_2
ddc
_c
BK
999
_c
3291
_d
3291